Youtuber Logos - Statistiken

Allgemein
  • Dieses Quiz wurde 7.660 mal gespielt
  • Das Durchschnittsergebnis liegt bei 8 aus 16
Antwortstatistiken
Bildquiz Antwort % Korrekt
Ungespielt
90%
Trymacs
85%
MontanaBlack
83%
Mr Beast
82%
PietSmiet
72%
Hand of Blood
62%
Dream
55%
Pewdiepie
52%
Kurzgesagt
42%
Space Frogs
37%
iCrimax
30%
Daily Dose of Internet
28%
unsympathischTV
24%
Die Aussenseiter
20%
jacksepticeye
18%
Mark Rober
12%
Keine übereinstimmenden Quizze gefunden
Verteilung der Resultate
Anzahl Personen mit jedem Resultat
Perzentil nach korrekt beantworteten Fragen
Ihre Resultats-Entwicklung
Sie haben dieses Quiz noch nicht gespielt